000 00709nam a2200265Ia 4500
003 OSt
005 20221007111702.0
006 a|||||r|||| 00| 0
007 ta
008 221006b |||||||| |||| 00| 0 eng d
020 _a9781843922865
024 _a24,090
037 _cTextual
040 _aLCO
_cLCO
_beng
041 _2eng
_aeng
100 _aStephenson Martin
_9708437
245 0 _aEffective Practice in Youth Justice
260 _aOregon
_bWilan Publishing U.S.A.
_c2007
300 _a294
650 _aYOUTH
700 _a Brown Sally
_9580941
700 _a Giller Henri
_9446486
942 _cTEXL
999 _c1193653
_d1193653